Doctrina social de la iglesia: una aproximación histórica
שמור ב:
| מחבר ראשי: | |
|---|---|
| פורמט: | ספר |
| שפה: | ספרדית |
| יצא לאור: |
Madrid
Paulinas
1991
|
| סדרה: | Biblioteca de Teología, 14
|
| נושאים: | |
| תגים: |
הוספת תג
אין תגיות, היה/י הראשונ/ה לתייג את הרשומה!
|
MARC
| LEADER | 00000nam a2200000 a 4500 | ||
|---|---|---|---|
| 001 | UCX4961 | ||
| 003 | CL-VaPUC | ||
| 008 | 920818e19910000SP |||||||||||||||||spa|d | ||
| 020 | |a 8428514402 | ||
| 082 | 0 | 4 | |a 261 |b CAM |2 21 |
| 100 | 0 | |a Camacho, Ildefonso |e author |9 321251 | |
| 245 | 1 | 0 | |a Doctrina social de la iglesia: una aproximación histórica |
| 300 | |a 619 p | ||
| 942 | |c BK | ||
| 945 | |d 19920818 00:00:00 | ||
| 260 | |a Madrid |b Paulinas |c 1991 | ||
| 650 | 7 | |a IGLESIA Y PROBLEMAS SOCIALES |2 CL-VaPUC |9 256615 | |
| 583 | |a last modification |c 19920818 00:00:00 |k Rodrigo Vera | ||
| 490 | 0 | |a Biblioteca de Teología, 14 | |
| 999 | |c 225322 |d 225320 | ||
| 952 | |0 0 |1 0 |4 0 |6 261_000000000000000_CAM_1991 |7 0 |8 A |9 222738 |a BIBTEO |b BIBTEO |d 2019-11-15 |i 2915278 |l 1 |o 261 CAM 1991 |p 2915278 |r 2025-01-17 |s 2024-07-23 |w 2019-11-15 |y BK |k ICR | ||